<?xml version="1.0" encoding="UTF-8"?>
<record
    xmlns:xsi="http://www.w3.org/2001/XMLSchema-instance"
    xsi:schemaLocation="http://www.loc.gov/MARC21/slim http://www.loc.gov/standards/marcxml/schema/MARC21slim.xsd"
    xmlns="http://www.loc.gov/MARC21/slim">

  <leader>00290nam a2200121Ia 4500</leader>
  <controlfield tag="008">150731s1994    xx            000 0 und d</controlfield>
  <datafield tag="082" ind1=" " ind2=" ">
    <subfield code="a">615.53</subfield>
    <subfield code="b">K 94 S</subfield>
  </datafield>
  <datafield tag="100" ind1=" " ind2=" ">
    <subfield code="a">SWAMINATHAN,C.R.</subfield>
  </datafield>
  <datafield tag="245" ind1=" " ind2=" ">
    <subfield code="a">KANVASATA PATHA BRAHMARAM</subfield>
  </datafield>
  <datafield tag="260" ind1=" " ind2=" ">
    <subfield code="b">VED PRAKASH</subfield>
    <subfield code="c">1994</subfield>
  </datafield>
  <datafield tag="300" ind1=" " ind2=" ">
    <subfield code="a">168</subfield>
  </datafield>
  <datafield tag="942" ind1=" " ind2=" ">
    <subfield code="2">ddc</subfield>
    <subfield code="c">BK</subfield>
  </datafield>
  <datafield tag="952" ind1=" " ind2=" ">
    <subfield code="0">0</subfield>
    <subfield code="1">0</subfield>
    <subfield code="2">ddc</subfield>
    <subfield code="4">0</subfield>
    <subfield code="5">1</subfield>
    <subfield code="7">0</subfield>
    <subfield code="8">FA</subfield>
    <subfield code="a">APL</subfield>
    <subfield code="b">APL</subfield>
    <subfield code="c">DISPLAY</subfield>
    <subfield code="d">2015-09-14</subfield>
    <subfield code="e">CHAUKHAMBHA PUB. NEW DELHI</subfield>
    <subfield code="g">60.00</subfield>
    <subfield code="h">1</subfield>
    <subfield code="i">SGTU</subfield>
    <subfield code="o">615.53 K 94 S</subfield>
    <subfield code="p">FA2070</subfield>
    <subfield code="r">2025-07-17 00:00:00</subfield>
    <subfield code="w">2015-01-28</subfield>
    <subfield code="y">RARE</subfield>
    <subfield code="k">CP/B/788</subfield>
  </datafield>
  <datafield tag="952" ind1=" " ind2=" ">
    <subfield code="0">0</subfield>
    <subfield code="1">0</subfield>
    <subfield code="2">ddc</subfield>
    <subfield code="4">0</subfield>
    <subfield code="5">1</subfield>
    <subfield code="7">0</subfield>
    <subfield code="8">FA</subfield>
    <subfield code="a">APL</subfield>
    <subfield code="b">APL</subfield>
    <subfield code="c">DISPLAY</subfield>
    <subfield code="d">2015-09-14</subfield>
    <subfield code="e">CHAUKHAMBHA PUB. NEW DELHI</subfield>
    <subfield code="g">60.00</subfield>
    <subfield code="h">2</subfield>
    <subfield code="i">SGTU</subfield>
    <subfield code="o">615.53 K 94 S</subfield>
    <subfield code="p">FA2071</subfield>
    <subfield code="r">2025-07-17 00:00:00</subfield>
    <subfield code="w">2015-01-28</subfield>
    <subfield code="y">RARE</subfield>
    <subfield code="k">CP/B/788</subfield>
  </datafield>
  <datafield tag="952" ind1=" " ind2=" ">
    <subfield code="0">0</subfield>
    <subfield code="1">0</subfield>
    <subfield code="2">ddc</subfield>
    <subfield code="4">0</subfield>
    <subfield code="5">1</subfield>
    <subfield code="7">0</subfield>
    <subfield code="8">FA</subfield>
    <subfield code="a">APL</subfield>
    <subfield code="b">APL</subfield>
    <subfield code="c">DISPLAY</subfield>
    <subfield code="d">2015-09-14</subfield>
    <subfield code="e">CHAUKHAMBHA PUB. NEW DELHI</subfield>
    <subfield code="g">60.00</subfield>
    <subfield code="h">3</subfield>
    <subfield code="i">SGTU</subfield>
    <subfield code="o">615.53 K 94 S</subfield>
    <subfield code="p">FA2072</subfield>
    <subfield code="r">2025-07-17 00:00:00</subfield>
    <subfield code="w">2015-01-28</subfield>
    <subfield code="y">RARE</subfield>
    <subfield code="k">CP/B/788</subfield>
  </datafield>
  <datafield tag="999" ind1=" " ind2=" ">
    <subfield code="c">7937</subfield>
    <subfield code="d">7937</subfield>
  </datafield>
</record>
